ដំណាំមេកាកាវ (Record no. 9148)
[ view plain ]
| 000 -LEADER | |
|---|---|
| fixed length control field | 00238nam a22000977a 4500 |
| 040 ## - CATALOGING SOURCE | |
| Transcribing agency | SY |
| 100 ## - MAIN ENTRY--AUTHOR NAME | |
| Personal name | អ៊ុក កូម៉ារ៉ា |
| 245 ## - TITLE STATEMENT | |
| Title | ដំណាំមេកាកាវ |
| 260 ## - PUBLICATION, DISTRIBUTION, ETC. (IMPRINT) | |
| Place of publication | RUA |
| Name of publisher | អ៊ុក |
| Year of publication | 1996 |
| 942 ## - ADDED ENTRY ELEMENTS (KOHA) | |
| Koha item type | សៀវភៅភាសាខ្មែរ |
No items available.